|
|
|
|
| LEADER |
00575 a2200169 4500 |
| 008 |
191227b ||||| |||| 00| 0 mal d |
| 999 |
|
|
|c 343209
|d 343209
|
| 020 |
|
|
|a 9789386531339
|
| 082 |
|
|
|a 855.62 AMM
|
| 100 |
|
|
|a Surendran, P.
|
| 245 |
|
|
|a Amma veedu /
|c P. Surendran
|
| 260 |
|
|
|b H & C Books,
|c 2017
|a Thrissur :
|
| 300 |
|
|
|a 152p. ;
|c 21 cm.
|
| 546 |
|
|
|a Malayalam
|
| 650 |
|
|
|a Short stories, Malayalam
|
| 942 |
|
|
|2 ddc
|c BK
|
| 952 |
|
|
|0 0
|1 0
|2 ddc
|4 0
|6 855_620000000000000_AMM_M
|7 0
|9 394090
|a UL
|b UL
|c ST1
|d 2019-08-31
|g 93.80
|l 5
|m 4
|o 855.62 AMM M
|p 101355
|r 2021-12-08
|s 2021-12-06
|v 140.00
|y BK
|